| 000 | 01384nam a2200385 i 4500 | ||
|---|---|---|---|
| 001 | 192641 | ||
| 003 | SpMaBN | ||
| 005 | 20250812015018.0 | ||
| 007 | ta | ||
| 008 | 220202s2021 sp a | |||| 000 0 spa | ||
| 015 | _aMON21 | ||
| 017 |
_aB 18448-2021 _bOficina Depósito Legal Barcelona |
||
| 020 | _a9788418323751 | ||
| 040 |
_aSpMaBN _bspa _cEs-MaACL _erda |
||
| 080 | _a7.045(100-21) | ||
| 100 | 0 |
_aOrtega Sanz, José María _987492 _eaut |
|
| 245 | 1 | 0 |
_aSiete ciudades para el siglo XXI : _bun camino hacia la fraternidad / _cJosé María Ortega Sanz. |
| 246 |
_a7 ciudades para el siglo XXI : _bun camino hacia la fraternidad |
||
| 250 | _aPrimera edición: octubre de 2021 | ||
| 264 | 1 |
_aBarcelona : _bEdiciones Carena, _c2021 |
|
| 300 |
_a113 páginas : _bilustraciones (color) ; _c21 cm |
||
| 336 |
_aTexto _2rdacontent |
||
| 337 |
_asin mediación _2rdamedia |
||
| 338 |
_avolumen _2rdacarrier |
||
| 490 | 1 |
_aEnsayo ; _v629 |
|
| 500 | _aÍndice | ||
| 650 | 4 |
_aCiudades _2embne _911068 |
|
| 650 | 7 |
_aEmblemas _2embne _910095 |
|
| 830 |
_aEnsayo (Carena) ; _9176436 _v629 |
||
| 852 |
_aEs-MaACL _jN-8270 _bR.153288 _xDonación: José María Ortega Sanz _cDEPOJ _gDedicatoria autógrafa del autor _9199937 |
||
| 903 |
_987492 _aOrtega Sanz, José María _ednr |
||
| 942 |
_n0 _cMONOGRAFIA |
||
| 999 |
_c192641 _d192641 |
||